000 00351nam a2200157Ia 4500
008 230605s2006 xx 000 0 und d
041 _aeng
100 _aDix
245 _aFront office operation
260 _bPearson Education Pub.
_c2006
_c2006
300 _a218
365 _b120
_h20
500 _a1579
520 _aGeneral
650 _aF.O.
999 _c418321
_d418321